[Event "4th 4NCL Easter Congress"]
[Site "Holiday Inn Peterborough - West"]
[Date "2024.04.01"]
[Round "7"]
[Board "18"]
[White "Neville, Andy"]
[Black "Masterson, Desmond"]
[Result "0-1"]
[WhiteElo "1503"]
[BlackElo "1100"]
[PlyCount "0"]
[EventDate "2024.03.29"]
[EventRounds "7"]
[EventCountry "ENG"]

1. e4 e6 2. d4 d5 3. e5 c5 4. Nf3 a6 5. c4 dxc4 6. Bxc4 b5 7. Be2 Nc6 8. Be3 cxd4
9. Bxd4 Nxd4 10. Qxd4 Qxd4 11. Nxd4 Bb7 12. O-O Bc5 13. Nb3 Bb6 14. N1d2 Ne7 15.
Nf3 O-O 16. Rad1 Nd5 17. Ng5 g6 18. Bf3 Rfd8 19. Ne4 Kg7 20. a3 Rab8 21. Nbc5 Bc8
22. b4 Bc7 23. Nd3 h6 24. Rc1 Bb6 25. Nd6 f6 26. Nxc8 Rbxc8 27. Rxc8 Rxc8 28. Nc5
Bxc5 29. bxc5 Rxc5 30. Bg4 f5 31. Bh3 Nf4 32. Rd1 Rd5 33. Re1 Nd3 34. Re2 Rxe5 35.
Rxe5 Nxe5 36. f4 Nc4 37. Kf2 Nxa3 38. g3 b4 39. Bf1 a5 40. Bd3 b3 41. Ke2 b2 42.
Kd2 b1=Q 43. Bxb1 Nxb1+ 44. Kc2 Na3+ 45. Kb3 Nb5 46. Ka4 Nd6 47. Kxa5 Ne4 48. Kb5
Nd2 49. h3 h5 50. Kc5 Kf6 51. Kd4 Ne4 52. g4 hxg4 53. hxg4 fxg4 54. Kxe4 g5 55. Ke3
Kf5 56. fxg5 Kxg5 57. Kf2 Kf4 58. Kg2 g3 59. Kf1 e5 60. Kg2  0-1

[Event "4th 4NCL Easter Congress"]
[Site "Holiday Inn Peterborough - West"]
[Date "2024.03.29"]
[Round "1"]
[Board "1"]
[White "Tart, Peter K"]
[Black "Veselov, Ivan"]
[Result "1-0"]
[WhiteElo "1903"]
[BlackElo "1806"]
[PlyCount "0"]
[EventDate "2024.03.29"]
[EventRounds "7"]
[EventCountry "ENG"]

1. e4 d5 2. exd5 Qxd5 3. Nf3 Nf6 4. d4 c6 5. Be2 Bf5 6. O-O e6 7. c4 Qd8 8. Nc3 Be7
9. Re1 O-O 10. Nh4 Bg6 11. Nxg6 hxg6 12. Bf3 Na6 13. d5 exd5 14. cxd5 Nxd5 15. Nxd5
cxd5 16. Qxd5 Qxd5 17. Bxd5 Bb4 18. Rd1 Rad8 19. Bg5 Rd7 20. Rac1 Kh7 21. a3 Be7
22. Bxe7 Rxe7 23. Bf3 Rfe8 24. b4 Nb8 25. Kf1 b6 26. Rc3 Nd7 27. Bc6 Rc8 28. Rh3+
Kg8 29. Bxd7 Rc2 30. Bf5 Rce2 31. Bg4 R2e4 32. Rd8+ Re8 33. Rxe8+ Rxe8 34. Re3  1-0

[Event "4th 4NCL Easter Congress"]
[Site "Holiday Inn Peterborough - West"]
[Date "2024.03.29"]
[Round "1"]
[Board "2"]
[White "Lawrence, Spencer"]
[Black "Mitchell, Stephen R"]
[Result "1-0"]
[WhiteElo "1789"]
[BlackElo "1932"]
[PlyCount "0"]
[EventDate "2024.03.29"]
[EventRounds "7"]
[EventCountry "ENG"]

1. Nf3 f5 2. d3 d6 3. Nc3 e5 4. e4 Nf6 5. h3 Be7 6. exf5 Bxf5 7. g4 Bg6 8. Bg2 Nc6
9. Be3 Qd7 10. Qe2 O-O-O 11. O-O-O Kb8 12. d4 Qe8 13. d5 Nb4 14. Rd2 h5 15. g5 Nd7
16. a3 Na6 17. h4 Rf8 18. Rdd1 Bf5 19. Bh3 Qg6 20. Bxf5 Rxf5 21. Nd2 Qe8 22. Nde4
g6 23. Rh3 Nb6 24. Rf3 Qd7 25. Rxf5 Qxf5 26. Rh1 Nxd5 27. Nxd5 Qxe4 28. Bxa7+  1-0

[Event "4th 4NCL Easter Congress"]
[Site "Holiday Inn Peterborough - West"]
[Date "2024.03.29"]
[Round "1"]
[Board "3"]
[White "Obi, Okwose Marc"]
[Black "Shivakumar, Akshath"]
[Result "1/2-1/2"]
[WhiteElo "1844"]
[BlackElo "1722"]
[PlyCount "0"]
[EventDate "2024.03.29"]
[EventRounds "7"]
[EventCountry "ENG"]

1. e4 e6 2. d4 d5 3. e5 c5 4. c3 Nc6 5. Nf3 Bd7 6. Bd3 cxd4 7. cxd4 Qb6 8. O-O Nge7
9. Nc3 a6 10. Na4 Qc7 11. Be3 Nb4 12. Bb1 Rc8 13. Nc3 Bb5 14. Re1 h6 15. a3 Nbc6
16. Nxb5 axb5 17. b4 g6 18. Bd3 Qb6 19. Qe2 Na7 20. Rec1 Rc6 21. Rc5 Kd8 22. a4 bxa4
23. Rxa4 Nec8 24. Rxc6 Qxc6 25. b5 Qc7 26. Bd2 b6 27. h3 Be7 28. Qd1 g5 29. Ne1 f5
30. Nc2 h5 31. Nb4 Bxb4 32. Bxb4 g4 33. h4 Rg8 34. Bd2 Ne7 35. Bg5 Kc8 36. Ra2 Kb8
37. Qa4 Nec8 38. Rc2 Qb7 39. Qb4 Rg7 40. Qf8 Rc7 41. Rxc7 Qxc7 42. Bd2 Qe7 43. Qxe7
Nxe7 44. Kh2 Kc7 45. f3 Kd7 46. fxg4 hxg4 47. Kg3 Ng6 48. h5 Nf8 49. Kh4 Nh7 50.
h6 Ke7 51. Kh5 Kf7 52. g3 Nc8 53. Bb4 Na7 54. Bd6 Nc8 55. Bc7 Nf8 56. Kg5 Nh7+ 57.
Kh5 Nf8  1/2-1/2

[Event "4th 4NCL Easter Congress"]
[Site "Holiday Inn Peterborough - West"]
[Date "2024.03.29"]
[Round "1"]
[Board "4"]
[White "Webster, Vivien"]
[Black "Ter Gevorkian, Edouardos"]
[Result "0-1"]
[WhiteElo "1766"]
[BlackElo "1850"]
[PlyCount "0"]
[EventDate "2024.03.29"]
[EventRounds "7"]
[EventCountry "ENG"]

1. e4 Nf6 2. Nc3 d5 3. e5 Nfd7 4. Nxd5 Nxe5 5. Ne3 Nbc6 6. Nf3 Nxf3+ 7. Qxf3 g6 8.
Bc4 Ne5 9. Qd5 Nxc4 10. Qxd8+ Kxd8 11. Nxc4 Bg7 12. c3 Be6 13. Ne3 f5 14. d4 f4 15.
Nc2 Rf8 16. f3 Kd7 17. Nb4 Bc4 18. b3 a5 19. Nc2 Bd3 20. Kd2 Bf5 21. Bb2 Rad8 22.
Rae1 Rfe8 23. Na3 Kc8 24. Kc1 c5 25. dxc5 Rd5 26. Nb5 Bd7 27. c4 Bxb2+ 28. Kxb2 Rd2+
29. Kc3 Rxg2 30. a4 Bc6 31. Na7+ Kc7 32. Nb5+ Kb8 33. Nd4 e5 34. Nxc6+ bxc6 35. b4
axb4+ 36. Kxb4 Kc7 37. Re4 Rb2+ 38. Kc3 Rf2 39. Rhe1 Rxf3+ 40. Kd2 Rf2+ 41. Kc3 Rf3+
42. Kc2 Ra3 43. Rxe5 Rxe5 44. Rxe5 Rxa4 45. Kb3 Ra7 46. Re7+ Kb8 47. Re8+ Kb7 48.
Rf8 g5 49. Rg8 Ka6 50. Rxg5 Rf7 51. Rg2 Re7 52. Rf2 Re3+ 53. Kb4 f3 54. h3 Kb7 55.
Ka4 Rd3 56. Kb4 Kc7 57. Ka4 Kd7 58. Ka5 Kc7 59. Ka4 h5 60. Kb4 h4 61. Ka4 Kd7 62.
Ka5 Kc7 63. Ka4 Re3 64. Kb4 Kd7 65. Ka5 Ra3+ 66. Kb4 Rd3 67. Ka5 Ke6 68. Kb6 Kf5
69. Kxc6 Kf4 70. Kb6 Rb3+ 71. Kc6 Kg3 72. Rf1 Kg2 73. Rd1 f2 74. Kd6 Rc3 75. Kd5
f1=Q 76. Rxf1 Kxf1 77. c6 Rg3 78. c7 Rg8 79. Kd6 Kg2 80. Kd7 Kxh3 81. c8=Q Rxc8 82.
Kxc8 Kg3 83. c5 h3 84. c6 h2 85. c7 h1=Q 86. Kd7 Qb7 87. Kd8 Qb6 88. Kd7 Qb5+ 89.
Ke7 Qc6 90. Kd8 Qd6+ 91. Kc8 Kf4 92. Kb8 Ke5 93. Kb7 Qb4+ 94. Kc6 Qe4+ 95. Kd7 Qb7
96. Kd8 Kd6 97. c8=N+ Ke6 98. Nb6 Qxb6+ 99. Kc8 Qa7 100. Kd8 Qd7#  0-1

[Event "4th 4NCL Easter Congress"]
[Site "Holiday Inn Peterborough - West"]
[Date "2024.03.29"]
[Round "1"]
[Board "5"]
[White "Taylor, Robert K"]
[Black "Willow, Hambel M"]
[Result "1-0"]
[WhiteElo "1914"]
[BlackElo "1766"]
[PlyCount "0"]
[EventDate "2024.03.29"]
[EventRounds "7"]
[EventCountry "ENG"]

1. e4 c6 2. Ne2 d5 3. e5 Bf5 4. Ng3 Bg6 5. h4 h6 6. h5 Bh7 7. e6 fxe6 8. d4 e5 9.
dxe5 Qc7 10. f4 e6 11. Be3 Bb4+ 12. c3 Ba5 13. Bd3 Bxd3 14. Qxd3 Ne7 15. Bc5 Na6
16. Bd6 Qd7 17. Nd2 Bc7 18. Ba3 O-O-O 19. Nb3 Rhf8 20. Rf1 Rf7 21. O-O-O Bb6 22.
Rf3 c5 23. Qf1 c4 24. Nd4 Bc5 25. f5 Qa4 26. Nxe6 Bxa3 27. Nxd8 Kxd8 28. bxa3 Qxa3+
29. Kb1 Qc5 30. Ne4 Qb5+ 31. Ka1 Nc8 32. f6 Nc7 33. fxg7 Rxg7 34. Rf8+ Ne8 35. Nf6
 1-0

[Event "4th 4NCL Easter Congress"]
[Site "Holiday Inn Peterborough - West"]
[Date "2024.03.29"]
[Round "1"]
[Board "6"]
[White "Denning, Julie L"]
[Black "Burton, Sean"]
[Result "0-1"]
[WhiteElo "1757"]
[BlackElo "1827"]
[PlyCount "0"]
[EventDate "2024.03.29"]
[EventRounds "7"]
[EventCountry "ENG"]

1. e4 c5 2. c3 Nf6 3. e5 Nd5 4. d4 cxd4 5. cxd4 Nc6 6. Nf3 d6 7. Bc4 dxe5 8. dxe5
Ndb4 9. Qxd8+ Nxd8 10. Na3 Be6 11. Bxe6 Nxe6 12. O-O g6 13. Bd2 Nc6 14. Rfe1 Bg7
15. Bc3 O-O 16. Rad1 Rfd8 17. Nb5 Rac8 18. Nbd4 Nexd4 19. Bxd4 Nxd4 20. Nxd4 Bxe5
21. Nb5 a6 22. Rxd8+ Rxd8 23. Nc3 Bxc3 24. bxc3 Rd2 25. Kf1 Kf8 26. Re2 Rxe2 27.
Kxe2 Ke8 28. Kd3 Kd7 29. a4 Kc6 30. c4 Kc5 31. Kc3 e5 32. f3 f5 33. a5 g5 34. g3
e4 35. f4 g4 36. Kb3 Kd4 37. Kb4 e3  0-1

[Event "4th 4NCL Easter Congress"]
[Site "Holiday Inn Peterborough - West"]
[Date "2024.03.29"]
[Round "1"]
[Board "8"]
[White "Watkinson, Phil K"]
[Black "Graham, Oliver"]
[Result "0-1"]
[WhiteElo "1744"]
[BlackElo "1884"]
[PlyCount "0"]
[EventDate "2024.03.29"]
[EventRounds "7"]
[EventCountry "ENG"]

1. d4 Nf6 2. c4 e6 3. Nf3 d5 4. Nc3 Bb4 5. Qa4+ Nc6 6. Bg5 Bd7 7. Qb3 dxc4 8. Qxc4
h6 9. Bh4 Be7 10. e4 O-O 11. Bxf6 Bxf6 12. e5 Be7 13. h4 Nb4 14. Rc1 c6 15. a3 b5
16. Qb3 Nd5 17. g3 Qa5 18. Bd3 b4 19. axb4 Bxb4 20. Kf1 Rab8 21. Nxd5 cxd5 22. Bb1
Ba4 23. Qe3 Rfc8 24. Kg2 Bb5 25. g4 Qa6 26. g5 h5 27. g6 fxg6 28. Bxg6 Be8 29. Bxe8
Rxe8 30. Rc7 Be7 31. Ng5 Rxb2 32. Rhc1 Qa3 33. Qf4 Rf8 34. Rc8 Bxg5 35. hxg5 Rb8
36. Rxb8 Rxb8 37. g6 Rf8 38. Qg5 Qf3+ 39. Kh2 Qxf2+ 40. Kh1 Qxd4 41. Qxh5 Qe4+ 42.
Kg1 Qe3+ 43. Kh1 Qxc1+ 44. Kg2 Qf1+ 45. Kg3 Qf2+ 46. Kg4 Qf3+ 47. Kh4 Rf4+ 48. Kg5
Rf5+  0-1

[Event "4th 4NCL Easter Congress"]
[Site "Holiday Inn Peterborough - West"]
[Date "2024.03.29"]
[Round "1"]
[Board "9"]
[White "Kaszuba, Adrian"]
[Black "Spencer, Paul"]
[Result "1-0"]
[WhiteElo "1870"]
[BlackElo "1735"]
[PlyCount "0"]
[EventDate "2024.03.29"]
[EventRounds "7"]
[EventCountry "ENG"]

1. c3 d5 2. g3 Nf6 3. Bg2 Bf5 4. Qb3 Nc6 5. Qxb7 Na5 6. Qa6 Nc4 7. d3 Nb6 8. Nf3
e6 9. Bg5 Be7 10. Nd4 O-O 11. Nxf5 exf5 12. O-O Qd7 13. Nd2 Rab8 14. Bxf6 Bxf6 15.
d4 Na4 16. Rfb1 c5 17. e3 c4 18. Bxd5 Rb6 19. Qa5 Bd8 20. Nxc4 Rxb2 21. Ne5 Bxa5
22. Nxd7 Rxb1+ 23. Rxb1 Rd8 24. Rb7 Nxc3 25. Rxa7 Bb4 26. Bb3 Nb5 27. Rb7 Nxd4 28.
exd4 Ra8  1-0

[Event "4th 4NCL Easter Congress"]
[Site "Holiday Inn Peterborough - West"]
[Date "2024.03.29"]
[Round "1"]
[Board "12"]
[White "White, Nicholas E"]
[Black "Morrish, John"]
[Result "1-0"]
[WhiteElo "1729"]
[BlackElo "1840"]
[PlyCount "0"]
[EventDate "2024.03.29"]
[EventRounds "7"]
[EventCountry "ENG"]

1. d4 Nf6 2. Bf4 d5 3. e3 c5 4. Nf3 Nc6 5. c3 e6 6. Nbd2 Bd6 7. Ne5 Qc7 8. Bb5 a6
9. Bxc6+ bxc6 10. O-O O-O 11. Qf3 Nd7 12. Qg3 Bxe5 13. dxe5 f6 14. exf6  1-0

[Event "4th 4NCL Easter Congress"]
[Site "Holiday Inn Peterborough - West"]
[Date "2024.03.29"]
[Round "1"]
[Board "13"]
[White "Dean, Robert A"]
[Black "O'Gorman, Brendan"]
[Result "1/2-1/2"]
[WhiteElo "1838"]
[BlackElo "1716"]
[PlyCount "0"]
[EventDate "2024.03.29"]
[EventRounds "7"]
[EventCountry "ENG"]

1. Nf3 d5 2. d4 Bf5 3. Bg5 h6 4. Bh4 c6 5. Nbd2 Qb6 6. Nb3 Nd7 7. e3 Ngf6 8. Bd3
Bxd3 9. Qxd3 e6 10. O-O Bd6 11. Rac1 O-O 12. Rfd1 Rac8 13. a3 e5 14. dxe5 Nxe5 15.
Nxe5 Bxe5 16. Nd4 Qc7 17. Bg3 Rfe8 18. b4 Ng4 19. Qf5 Bxg3  1/2-1/2

[Event "4th 4NCL Easter Congress"]
[Site "Holiday Inn Peterborough - West"]
[Date "2024.03.29"]
[Round "1"]
[Board "14"]
[White "Kocan, Barry A"]
[Black "Bowers, Francis J"]
[Result "0-1"]
[WhiteElo "1719"]
[BlackElo "1828"]
[PlyCount "0"]
[EventDate "2024.03.29"]
[EventRounds "7"]
[EventCountry "ENG"]

1. e4 e5 2. Nf3 d6 3. Nc3 g6 4. Bc4 Bg7 5. O-O Nf6 6. Re1 O-O 7. d4 exd4 8. Nxd4
Nc6 9. Nxc6 bxc6 10. Bb3 Bb7 11. Be3 Re8 12. f3 d5 13. Bf2 Qd6 14. Bg3 Qc5+ 15. Kh1
dxe4 16. fxe4 Qe7 17. Rf1 Rad8 18. Qc1 c5 19. Bh4 Qe5 20. Bg3 Qh5 21. Bxc7 Rd4 22.
Bg3 c4 23. Ba4 Nxe4 24. Nxe4 Rexe4 25. c3 Bh6 26. Qb1 Rd2 27. Rf2 Ree2 28. Qf1 Be3
29. Bd1 Rxf2 30. Bxf2 Qf5  0-1

[Event "4th 4NCL Easter Congress"]
[Site "Holiday Inn Peterborough - West"]
[Date "2024.03.29"]
[Round "1"]
[Board "15"]
[White "Tedd, Bernie"]
[Black "Krief, Tom"]
[Result "1/2-1/2"]
[WhiteElo "1707"]
[BlackElo "1713"]
[PlyCount "0"]
[EventDate "2024.03.29"]
[EventRounds "7"]
[EventCountry "ENG"]

1. e4 d5 2. exd5 Qxd5 3. Nc3 Qa5 4. d4 c6 5. Nf3 Nf6 6. Bc4 Bg4 7. Bd2 Qc7 8. Qe2
e6 9. h3 Bh5 10. O-O-O Nbd7 11. g4 Bg6 12. Ne5 Nxe5 13. dxe5 Nd5 14. Nxd5 cxd5 15.
Bb5+ Kd8 16. Be3 Rc8 17. Bd3 Bc5 18. Bxc5 Qxc5 19. Bxg6 hxg6 20. Rd3 Qc4 21. Kb1
Rc6 22. Qd2 Ra6 23. b3 Qc5 24. c4 Ra5 25. b4 Qb6 26. cxd5 Rxd5 27. Rxd5+ exd5 28.
Qxd5+ Ke7 29. Qc5+ Qxc5 30. bxc5 Ke6 31. f4 Rd8 32. Rc1 Rd3 33. c6 bxc6 34. Rxc6+
Kd7 35. Ra6 Rxh3 36. Rxa7+ Ke6 37. Ra6+ Ke7 38. Ra7+ Ke6 39. Ra6+ Ke7 40. a4 Rf3
41. Ra7+ Ke6 42. Ra6+ Ke7 43. Ra7+ Ke6 44. Ra6+ Ke7 45. Ra7+  1/2-1/2

[Event "4th 4NCL Easter Congress"]
[Site "Holiday Inn Peterborough - West"]
[Date "2024.03.29"]
[Round "1"]
[Board "16"]
[White "Harris, John"]
[Black "Wheeler, Tim"]
[Result "1/2-1/2"]
[WhiteElo "1712"]
[BlackElo "1813"]
[PlyCount "0"]
[EventDate "2024.03.29"]
[EventRounds "7"]
[EventCountry "ENG"]

1. e4 Nf6 2. e5 Nd5 3. d4 d6 4. Nf3 dxe5 5. Nxe5 c6 6. c4 Nf6 7. Nc3 Bf5 8. Be2 e6
9. a3 Nbd7 10. Bg5 Be7 11. Qb3 Qb6 12. Qxb6 axb6 13. O-O Nxe5 14. dxe5 Ne4 15. Nxe4
Bxe4 16. Bxe7 Kxe7 17. Rfd1 Rhd8  1/2-1/2

[Event "4th 4NCL Easter Congress"]
[Site "Holiday Inn Peterborough - West"]
[Date "2024.03.29"]
[Round "1"]
[Board "18"]
[White "Hu, Junyan"]
[Black "Macphail, Kieran"]
[Result "0-1"]
[WhiteElo "1704"]
[BlackElo "1795"]
[PlyCount "0"]
[EventDate "2024.03.29"]
[EventRounds "7"]
[EventCountry "ENG"]

1. e4 c5 2. Nf3 Nc6 3. d4 cxd4 4. Nxd4 Nf6 5. Nc3 e5 6. Ndb5 d6 7. Nd5 Nxd5 8. exd5
Nb8 9. a4 Be7 10. Be2 O-O 11. O-O Nd7 12. Bd2 a6 13. Na3 Nc5 14. Nc4 a5 15. c3 Bd7
16. b3 b6 17. Nb2 f5 18. b4 Ne4 19. b5 Rc8 20. Nc4 f4 21. f3 Nxd2 22. Qxd2 Bf5 23.
Rac1 Qc7 24. Kh1 Bh4 25. Qa2 Qc5 26. Qa3 Bf2 27. Qxc5 Bxc5 28. g4 fxg3 29. hxg3 Bh3
30. Rfd1 Rf6 31. Bf1 Bf5 32. g4 Rh6+ 33. Kg2 Bg6 34. Bd3 Bxd3 35. Rxd3 Rf8 36. Ne3
Bxe3 37. c4 Bxc1 38. Rc3 Bf4 39. Rb3 Rh2+ 40. Kg1 Rc2 41. c5 Rxc5 42. Rd3 Rfc8 43.
g5 Rc2 44. g6 hxg6 45. Kf1 Rh2 46. Ke1 Rh1+ 47. Ke2 Rc2+ 48. Rd2 Rxd2#  0-1

[Event "4th 4NCL Easter Congress"]
[Site "Holiday Inn Peterborough - West"]
[Date "2024.03.30"]
[Round "2"]
[Board "1"]
[White "Honarvarmahalati, Hooman"]
[Black "Tart, Peter K"]
[Result "1-0"]
[WhiteElo "1764"]
[BlackElo "1903"]
[PlyCount "0"]
[EventDate "2024.03.29"]
[EventRounds "7"]
[EventCountry "ENG"]

1. Nf3 f5 2. b3 d6 3. d4 Nf6 4. e3 e6 5. Bb2 Be7 6. c4 O-O 7. Bd3 Qe8 8. Nbd2 Nc6
9. Qe2 Qh5 10. e4 fxe4 11. Nxe4 Bd7 12. Bc3 Rae8 13. Ng3 Qh6 14. Bd2 g5 15. Bxg5
Qg7 16. Be3 e5 17. dxe5 dxe5 18. O-O Ng4 19. Be4 Nd4 20. Bxd4 exd4 21. Qd3 c5 22.
Bxb7 Qh6 23. h3 Nf6 24. Qd2  1-0

[Event "4th 4NCL Easter Congress"]
[Site "Holiday Inn Peterborough - West"]
[Date "2024.03.30"]
[Round "2"]
[Board "2"]
[White "Ter Gevorkian, Edouardos"]
[Black "Cawston, M John"]
[Result "1-0"]
[WhiteElo "1850"]
[BlackElo "1770"]
[PlyCount "0"]
[EventDate "2024.03.29"]
[EventRounds "7"]
[EventCountry "ENG"]

1. e4 c5 2. Nc3 a6 3. g3 b5 4. Bg2 Bb7 5. Nge2 e6 6. O-O Nc6 7. a3 Qc7 8. d3 Nf6
9. Bf4 d6 10. h3 Be7 11. g4 Rd8 12. Bh2 h5 13. g5 Nd7 14. f4 Nb6 15. h4 b4 16. Nb1
d5 17. f5 Bd6 18. Bxd6 Qxd6 19. fxe6 Qxe6 20. Nf4 Qg4 21. exd5 Qxd1 22. Rxd1 Nd4
23. axb4 Nxc2 24. Ra5 cxb4 25. Rc5 b3 26. Nd2 O-O 27. Nc4 Rc8 28. Rxc8 Nxc8 29. Na5
Ba8 30. Nxb3 Ne3 31. Rc1 Nxg2 32. Kxg2 Ne7 33. Rc5 Nxd5 34. Kg3 Nxf4 35. Kxf4 Rd8
36. d4 Bd5 37. Nc1 Bh1 38. Ne2 Kf8 39. Rc7 Bd5 40. Nc3 Bg2 41. Ke3 Ke8 42. Ra7 Rd6
43. Kd3 Bf1+ 44. Ke4 Re6+ 45. Kf3 Re7 46. Ra8+ Kd7 47. Na4 Kc6 48. Nc5 Kb6 49. Rb8+
Kc6 50. Rg8 g6 51. Rd8 Kc7 52. Ra8 Kb6 53. Rf8 Bc4 54. Na4+ Kc6 55. Nc3 Rd7 56. Rc8+
Rc7 57. Rxc7+ Kxc7 58. Ke4 Kd6 59. Nd1 Bd5+ 60. Kd3 Bg2 61. Ne3 Bc6 62. Nc4+ Kc7
63. Ne3 Kd6 64. Kc4 Bb5+ 65. Kb4 Bd3 66. Ka5 Be2 67. Kb6 Bd3 68. b3 Be2 69. Ka5 Bd3
70. Kb4 Be2 71. Ng2 Bb5 72. Kc3 Kd5 73. Ne3+ Ke4 74. Nc4 Kd5 75. Ne5 Ke6 76. Kb4
Be2 77. Kc5 Bf1 78. Nc6 Kd7 79. d5 Bb5 80. Ne5+ Ke7 81. b4 Be8 82. Nc6+ Kf8 83. Kd6
f5 84. gxf6 g5 85. hxg5 h4 86. Ne5 h3 87. Ng4 Bh5 88. Nh2 Ke8 89. Kc7 Bf7 90. d6
Be6 91. g6 Bf5 92. g7 Kf7 93. d7  1-0

[Event "4th 4NCL Easter Congress"]
[Site "Holiday Inn Peterborough - West"]
[Date "2024.03.30"]
[Round "2"]
[Board "3"]
[White "Bowers, Francis J"]
[Black "Taylor, Robert K"]
[Result "0-1"]
[WhiteElo "1828"]
[BlackElo "1914"]
[PlyCount "0"]
[EventDate "2024.03.29"]
[EventRounds "7"]
[EventCountry "ENG"]

1. e4 e5 2. Nf3 Nc6 3. d4 exd4 4. Bc4 Nf6 5. O-O Nxe4 6. Re1 d5 7. Bxd5 Qxd5 8. Nc3
Qa5 9. Rxe4+ Be6 10. Ne2 O-O-O 11. Nexd4 Bd5 12. Nxc6 Bxc6 13. Rd4 Bd6 14. c3 Qh5
15. h3 Be5 16. Be3 Bxd4 17. Nxd4 Qxd1+ 18. Rxd1 b6 19. Re1 Bb7 20. Nf5 Kb8 21. Bd4
Rhg8 22. Ne7 Rge8 23. Bxg7 Rd2 24. c4 a5 25. Bc3 Rc2 26. Re3 Ka8 27. Nd5 Rxe3 28.
Nxe3 Rc1+ 29. Kh2 Kb8 30. Kg3 Kc8 31. Kf4 Kd7 32. f3 Ke6 33. Kg5 Rg1 34. Kh6 f5 35.
c5 f4 36. Nc4 Rxg2 37. cxb6 cxb6 38. Nxb6 Bxf3 39. h4 Be4 40. Nc4 f3 41. Ne3 f2 42.
Bxa5 Rg6 43. Kxh7 Rg3+ 44. Kh8 Rxe3 45. Bb6 f1=Q 46. Bxe3 Qf8#  0-1

[Event "4th 4NCL Easter Congress"]
[Site "Holiday Inn Peterborough - West"]
[Date "2024.03.30"]
[Round "2"]
[Board "4"]
[White "Burton, Sean"]
[Black "Lawrence, Spencer"]
[Result "1/2-1/2"]
[WhiteElo "1827"]
[BlackElo "1789"]
[PlyCount "0"]
[EventDate "2024.03.29"]
[EventRounds "7"]
[EventCountry "ENG"]

1. e4 c5 2. Nf3 d6 3. d4 cxd4 4. Qxd4 Nf6 5. Be2 Nc6 6. Qe3 g6 7. c4 Bg7 8. Nc3 O-O
9. O-O Qc7 10. Nb5 Qd8 11. Rd1 a6 12. Nbd4 Ng4 13. Qb3 Qc7 14. h3 Nge5 15. Nxe5 Nxd4
16. Rxd4 Bxe5 17. Rd1 Be6 18. Be3 b5 19. Rac1 Rfc8 20. f4 Bg7 21. Qc2 Bxc4 22. b3
Bxe2 23. Qxc7 Rxc7 24. Rxc7 Bxd1 25. Kf2 e6 26. Ke1 Bxb3 27. axb3 h5 28. Kd2 Bb2
29. Kc2 Ba3 30. Kc3 Kf8 31. b4 a5 32. bxa5 Rxa5 33. Kb3 b4 34. Rc8+ Ke7 35. Bb6 Ra6
36. Bd4 e5 37. fxe5 dxe5 38. Bc5+ Kf6 39. h4 g5 40. Rh8 Re6 41. g3 gxh4 42. gxh4
Kg6 43. Rg8+ Kh7 44. Rg5 f6 45. Rxh5+ Kg6 46. Rh8 Rc6 47. Bxb4 Bxb4 48. Kxb4 f5 49.
Rg8+ Kf7 50. Rg5 f4 51. Rxe5 f3 52. Rd5 f2 53. Rd1 Re6 54. Rf1  1/2-1/2

[Event "4th 4NCL Easter Congress"]
[Site "Holiday Inn Peterborough - West"]
[Date "2024.03.30"]
[Round "2"]
[Board "5"]
[White "Macphail, Kieran"]
[Black "Jackson, Gary C"]
[Result "0-1"]
[WhiteElo "1795"]
[BlackElo "1864"]
[PlyCount "0"]
[EventDate "2024.03.29"]
[EventRounds "7"]
[EventCountry "ENG"]

1. e4 c5 2. Nf3 d6 3. Bb5+ Nd7 4. d4 cxd4 5. Nxd4 Ngf6 6. Bd3 g6 7. c4 Bg7 8. Nc3
O-O 9. O-O Nc5 10. Re1 Nfd7 11. Bf1 Ne5 12. Nc2 b6 13. f3 Bb7 14. Be3 Rc8 15. Qd2
Ba6 16. b3 Re8 17. Rac1 Qd7 18. h3 f5 19. exf5 Qxf5 20. Nd4 Qd7 21. Kh1 Bb7 22. Bg1
Rf8 23. Bh2 Rf7 24. f4 Bh6 25. Kg1 Rcf8 26. b4 Na6 27. Nc2 Qc8 28. Nd5 Bxd5 29. cxd5
Bxf4 30. Bxf4 Rxf4 31. Nd4 Qb7 32. Ne6 Rf2 33. Qh6 R2f7 34. Nxf8 Rxf8 35. Bxa6 Qxa6
36. Rc7 Qxa2 37. Rec1 Qf2+ 38. Kh1 Nf7 39. Qxf8+ Kxf8 40. Rxa7 Nh6 41. Rc8+ Kf7 42.
Rcc7 Nf5 43. Ra8 Ne3 44. Rac8  0-1

[Event "4th 4NCL Easter Congress"]
[Site "Holiday Inn Peterborough - West"]
[Date "2024.03.30"]
[Round "2"]
[Board "6"]
[White "Graham, Oliver"]
[Black "White, Nicholas E"]
[Result "1-0"]
[WhiteElo "1884"]
[BlackElo "1729"]
[PlyCount "0"]
[EventDate "2024.03.29"]
[EventRounds "7"]
[EventCountry "ENG"]

1. e4 d6 2. d4 Nf6 3. Nc3 g6 4. Nf3 Bg7 5. Be2 O-O 6. Bg5 c6 7. Qd2 Bg4 8. Bh6 e5
9. Bxg7 Kxg7 10. dxe5 dxe5 11. Qxd8 Rxd8 12. Nxe5 Bxe2 13. Kxe2 Na6 14. f3 Re8 15.
Nd3 Nc7 16. Nf4 g5 17. Nd3 Ncd5 18. Kf2 Nxc3 19. bxc3 b6 20. Rhd1 h5 21. Rd2 g4 22.
Rad1 h4 23. h3 g3+ 24. Ke3 c5 25. Nf4 Re5 26. Rd8 Re8 27. Rxa8 Rxa8 28. c4 Re8 29.
Rd6 Re7 30. Rxf6  1-0

[Event "4th 4NCL Easter Congress"]
[Site "Holiday Inn Peterborough - West"]
[Date "2024.03.30"]
[Round "2"]
[Board "7"]
[White "Meredith, Daniel"]
[Black "Kaszuba, Adrian"]
[Result "0-1"]
[WhiteElo "1670"]
[BlackElo "1870"]
[PlyCount "0"]
[EventDate "2024.03.29"]
[EventRounds "7"]
[EventCountry "ENG"]

1. e4 e6 2. d4 b6 3. Nf3 Bb7 4. Bd3 c5 5. c3 cxd4 6. cxd4 Bb4+ 7. Bd2 Bxd2+ 8. Nbxd2
Nc6 9. Rc1 Nb4 10. Bb1 Ne7 11. a3 Nbc6 12. e5 d6 13. Nc4 dxe5 14. dxe5 Qxd1+ 15.
Rxd1 O-O 16. O-O Ba6 17. Bd3 Ng6 18. Rfe1 Rfd8 19. Nd6 Bxd3 20. Rxd3 Rd7 21. Rd2
Rad8 22. Nc4 Rxd2 23. Ncxd2 Ncxe5 24. Nxe5 Nxe5 25. Ne4 Nc4 26. Rb1 Nxb2 27. Nc3
Nc4 28. Nb5 a6 29. Nc7 Nxa3 30. Rc1 a5 31. f3 b5 32. Rc5 Rc8 33. Nxe6 Rxc5 34. Nxc5
a4 35. Kf2 Nc2 36. Ke2 a3 37. Kd2 Nd4 38. Kc3 Nc6 39. Nb3 Kf8 40. Kd3 Ke7 41. Ke4
Kd6 42. g4 a2 43. f4 Na5 44. Na1 b4 45. Kd4 b3 46. Kc3 Kd5 47. h4 g6 48. f5 Ke5 49.
fxg6 fxg6 50. h5 g5  0-1

[Event "4th 4NCL Easter Congress"]
[Site "Holiday Inn Peterborough - West"]
[Date "2024.03.30"]
[Round "2"]
[Board "8"]
[White "Wheeler, Tim"]
[Black "Royle, Alex"]
[Result "1/2-1/2"]
[WhiteElo "1813"]
[BlackElo "1842"]
[PlyCount "0"]
[EventDate "2024.03.29"]
[EventRounds "7"]
[EventCountry "ENG"]

1. d4 Nf6 2. Nf3 d5 3. Bg5 Nbd7 4. Nbd2 h6 5. Bh4 e6 6. e3 Be7 7. Bd3 O-O 8. c3 c5
9. a4 a5 10. O-O b6 11. Qe2 Bb7 12. Ne5 Nxe5 13. dxe5 Nd7 14. Bxe7 Qxe7 15. f4 f6
16. exf6 Rxf6 17. e4 Raf8 18. exd5 Bxd5 19. Be4 Qf7 20. g3 Re8 21. Nc4 e5 22. Nxe5
Nxe5 23. fxe5 Rxf1+ 24. Rxf1 Qe6 25. Bxd5 Qxd5 26. Re1 Re6 27. Qe4 Qb3  1/2-1/2

[Event "4th 4NCL Easter Congress"]
[Site "Holiday Inn Peterborough - West"]
[Date "2024.03.30"]
[Round "2"]
[Board "9"]
[White "Rubeck, Jonathan"]
[Black "Siu, Kam Wa"]
[Result "0-1"]
[WhiteElo "1839"]
[BlackElo "1825"]
[PlyCount "0"]
[EventDate "2024.03.29"]
[EventRounds "7"]
[EventCountry "ENG"]

1. e4 c5 2. Nc3 Nc6 3. f4 e6 4. Bc4 Nge7 5. Nf3 d5 6. Bb3 c4 7. Ba4 a6 8. Bxc6+ Nxc6
9. O-O d4 10. Ne2 d3 11. Ng3 Bc5+ 12. Kh1 Nb4 13. c3 Nc2 14. Rb1 b5 15. b3 Bd7 16.
Ne5 Bd6 17. Nxd7 Qxd7 18. Qg4 O-O 19. e5 f5 20. exf6 Rxf6 21. bxc4 Raf8 22. Nh5 Rg6
23. Qf3 Bxf4 24. g3 Bd6 25. Nf4 Rgf6 26. Rg1 Bxf4 27. gxf4 Rxf4 28. Qg3 Rxc4 29.
Bb2 Rcf4 30. h3 Rf2 31. Rg2 Rxg2 32. Qxg2 Qd5 33. Rg1 Qxg2+ 34. Rxg2 Rf1+ 35. Rg1
Rxg1+ 36. Kxg1 Kf7 37. Kf2 Kg6 38. Kf3 Kf5 39. c4 bxc4 40. Bxg7 e5 41. a4 h5 42.
Bh6 Nd4+ 43. Ke3 Ne6 44. Kf3 Nc5 45. a5 Nb3  0-1